000 00523nam a22001937a 4500
003 KOHA_MİRAKIL
005 20240930100957.0
008 240929b2020 tu ||||| |||| 00| 0 tur d
020 _a9786054728374
040 _aTR-AnABB
_btur
_cTR-AnABB
041 _atur
082 _a158.1
_bYUR 2020
100 _aYurtbahar, Ece.
245 0 _aBaşlangıç /
_cEce Yurtbahar , Benay Balamir.
260 _aAnkara :
_bBarış Kitabevi,
_c2020.
300 _a112 sayfa ;
_c21 cm.
650 _aKişisel gelişim
942 _2ddc
_cBK
999 _c1280
_d1280